| 000 | 00391nam a22001457a 4500 | ||
|---|---|---|---|
| 003 | OSt | ||
| 005 | 20151019134801.0 | ||
| 008 | 140227s1995 sp ||||| |||| 00| 0 cat d | ||
| 040 |
_bcat _cCPC Lleida |
||
| 110 |
_94547 _aRàdio Salou |
||
| 245 | 1 | 0 |
_aDeu anys de ràdio Salou _bHistòria gràfica de la ràdio a Salou |
| 260 |
_aReus _bRàdio Salou _c1995 |
||
| 300 |
_a96 p. _c24 cm |
||
| 942 | _cMON | ||
| 999 |
_c6698 _d6698 |
||